000 00633nam a22001937a 4500
999 _c166086
_d166086
005 20190712142424.0
010 _aENG-125895
020 _a9788180901867
_c500.00
035 _aEN-109427
037 _bDBAD/PUB
082 _a540.954
100 _aSeal, B.N.
245 _aHindu chemistry :
_cby B.N. Seal
_btext with translation into english /
260 _aDelhi
_bBharatiya Kala Prakashan
_c2018
270 _a3421-A, IInd Floor, Narang Colony, Tri Nagar
_bDelhi
_e110035
_k011-27393083
_msaies.pkbooks@gmail.com
300 _aix,339p.
_c22cm(Hb)
500 _aIncludes index
942 _2ddc
_cEN
_h540.954
_mSEA